| 000 | 01161nam a2200289Ia 4500 | ||
|---|---|---|---|
| 003 | OSt | ||
| 005 | 20221005105936.0 | ||
| 006 | a|||||r|||| 00| 0 | ||
| 007 | ta | ||
| 008 | 221004b |||||||| |||| 00| 0 hin d | ||
| 020 |
_a8126019085 (pbk) _c200 |
||
| 024 | _a93606 | ||
| 037 |
_b528, 19/03/2009, Vani Prakashan _cTextual |
||
| 040 |
_aCRL _cCRL _bhin |
||
| 041 |
_2hin _ahin |
||
| 082 | _aO157xM20:g, 152P9 | ||
| 100 | _aबनर्जी, हिरण्यम | ||
| 245 | 0 | _aईश्वर चन्द्र विद्यासागर | |
| 246 | _aĪshvar chandra vidyāsāgara | ||
| 260 |
_aनई दिल्ली _bसाहित्य अकादेमी भारत _c2009 |
||
| 300 |
_a79पृ0 _ccm. |
||
| 490 | _aभारतीय साहित्य के निर्माता | ||
| 650 | _aबंगाली साहित्य | ||
| 700 | _a वर्मा, शुभा, अनु. | ||
| 942 |
_hO157xM20:g, 152P9 _cTEXL _2cc |
||
| 999 |
_c1017322 _d1017322 |
||